Evaluaciones sobre el TLC con EEUU

Gorde:
Xehetasun bibliografikoak
Formatua: Texto
Etiketak: Etiketa erantsi
Etiketarik gabe, Izan zaitez lehena erregistro honi etiketa jartzen!

MARC

LEADER 00000 a a2200000 04500
001 6605
003
040
245 |a Evaluaciones sobre el TLC con EEUU  
773 |g volumen 23, número 1017; páginas 12-13  
999 |c 24298  |d 24298